| 000 | 01084naa a22002657a 4500 | ||
|---|---|---|---|
| 001 | BR8804064 | ||
| 003 | BR-BrBNA | ||
| 005 | 20240918180156.0 | ||
| 007 | ta | ||
| 008 | 230509b bl.||||| |||| 00| 0 por d | ||
| 040 |
_aBR-BrBNA _bpor _cBiblioteca Nacional de Agricultura |
||
| 041 | _a(Pt) | ||
| 072 | _aF60 | ||
| 090 | _aF60 BR8804064 | ||
| 100 | 1 | _aBernardes, M.S. | |
| 245 | 1 | _aFotossintese no dossel das plantas cultivadas | |
| 246 | 1 | _a[Photosynthesis in cultivated plants] | |
| 246 | 1 | _a[Ecophisiology of plant production] | |
| 260 | 3 |
_aPiracicaba, SP (Brasil): _c1987. |
|
| 500 | _aCastro, P.R.C.; Ferreira, S.O.; Yamada, T. (eds.) Ecofisiologia da producao agricola Piracicaba, SP (Brasil): 1987. p. 13-48 (BR8804064-AM)F60 | ||
| 650 | _aFOTOSSINTESE | ||
| 773 | 0 |
_tEcofisiologia da producao agricola _aCastro, P.R.C.; Ferreira, S.O.; Yamada, T. (eds.). Associacao Brasileira para Pesquisa da Potassa e do Fosfato, Piracicaba, SP (Brasil) _wF60 BR8804064 _gPiracicaba, SP (Brasil), 1987. p. 13-48 |
|
| 909 |
_a202404 _bLucia _c55 _dLucia Elande |
||
| 942 |
_cAM _2AGRIS |
||
| 999 |
_c319400 _d319400 |
||